书目信息 |
| 题名: |
威权统治的转型
|
|
| 作者: | 奥唐奈 , 施密特 著 ;景威 , 柴绍锦 译 | |
| 分册: | ||
| 出版信息: | 北京 新星出版社 2012.03 |
|
| 页数: | 121页 | |
| 开本: | 23cm | |
| 丛书名: | 转型丛书 | |
| 单 册: | ||
| 中图分类: | D0 , D082 | |
| 科图分类: | ||
| 主题词: | 比较政治学--研究 , 民主--研究 , 比较政治学 , 民主 | |
| 电子资源: | ||
| ISBN: | 978-7-5133-0286-9 | |
| 000 | 01296oam2 2200349 450 | |
| 001 | 010700128049 | |
| 005 | 20120618151501.85 | |
| 010 | @a978-7-5133-0286-9@dCNY21.00 | |
| 100 | @a20120502d2012 em y0chiy50 ea | |
| 101 | 1 | @achi@ceng@cita |
| 102 | @aCN@b110000 | |
| 105 | @ay z 000yy | |
| 106 | @ar | |
| 200 | 1 | @a威权统治的转型@9wei quan tong zhi de zhuan xing@e关于不确定民主的试探性结论@f(美)吉列尔莫·奥唐奈(Guillermo A. O'Donnell),(意)菲利普·施密特(Philippe Schmitter)著@g景威,柴绍锦译 |
| 210 | @a北京@c新星出版社@d2012.03 | |
| 215 | @a121页@d23cm | |
| 225 | 2 | @a转型丛书 |
| 330 | @a本书共分为七章,主要内容包括:介绍不确定性、定义一些概念(以及澄清一些假设)、揭开(以及解构)威权主义统治、协定之谈判(以及再谈判)等。 | |
| 461 | 0 | @12001 @a转型丛书 |
| 517 | 1 | @a关于不确定民主的试探性结论@9guan yu bu que ding min zhu de shi tan xing jie lun |
| 606 | 0 | @a比较政治学@x研究 |
| 606 | 0 | @a民主@x研究 |
| 606 | 0 | @a比较政治学 |
| 606 | 0 | @a民主 |
| 690 | @aD0@v5 | |
| 690 | @aD082@v5 | |
| 701 | 0 | @c(美)@a奥唐奈@9ao tang nai@c(O'Donnell, Guillermo A.)@4著 |
| 701 | 0 | @c(意)@a施密特@9shi mi te@c(Schmitter, Philippe)@4著 |
| 702 | 0 | @a景威@9jing wei@4译 |
| 702 | 0 | @a柴绍锦@9chai shao jin@4译 |
| 801 | 0 | @aCN@bRENTIAN@c20120502 |
| 905 | @b538203-07@dD0@e298@f5 | |
| 威权统治的转型:关于不确定民主的试探性结论/(美)吉列尔莫·奥唐奈(Guillermo A. O'Donnell),(意)菲利普·施密特(Philippe Schmitter)著/景威,柴绍锦译.-北京:新星出版社,2012.03 |
| 121页;23cm.-(转型丛书) |
| ISBN 978-7-5133-0286-9:CNY21.00 |
| 本书共分为七章,主要内容包括:介绍不确定性、定义一些概念(以及澄清一些假设)、揭开(以及解构)威权主义统治、协定之谈判(以及再谈判)等。 |
| ● |
| 相关链接 |
|
|
|
|
正题名:威权统治的转型
索取号:D0/298
 
预约/预借
| 序号 | 登录号 | 条形码 | 馆藏地/架位号 | 状态 | 备注 |
| 1 | 538203 | 205382030 | 第一样本阅览室/ [索取号:D0/298] | 在馆 | |
| 2 | 538204 | 205382049 | 第一借阅区/ [索取号:D0/298] | 在馆 | |
| 3 | 538205 | 205382058 | 第一借阅区/ [索取号:D0/298] | 在馆 | |
| 4 | 538206 | 205382067 | 第一借阅区/ [索取号:D0/298] | 在馆 | |
| 5 | 538207 | 205382076 | 第一借阅区/ [索取号:D0/298] | 在馆 |